LEADER 00972nam a2200217 i 4500 001 000000227062 003 CaOOAMICUS 005 20140213000000.0 008 140213s1850 it u000 u fre u 013 $a205964 040 $aSeMil$bita 245 10$a2. partie. Suite de la vie souffrante de Jésus. 300 $a410 p. 500 $aFondo Bidoglio. 773 0 $aNoüet, Jacques $tHomme d'oraison, ses méditations et entretiens pour tous les jours de l'année.$dLyon ; Paris : Perisse frères, 1843-1852.$g3$w()4747 773 0 $aNoüet, Jacques $tOeuvres du P. Nouet.$bEd. revue et corrigée.$dLyon ; Paris : Librairie catholique de Perisse frères, 1842-1852.$g5$w()9134 850 $aSeMil 852 $aSeMil$W1$xVenegono$y1$m3F V 155 FA$j177408$B177408$CSeMilBibl$Z2$F188260 $8I 941 1 $a2 961 $aLascito: Bidoglio don Maurizio 996 $6245$a2. partie. Suite de la vie souffrante de Jésus$9(OLS)http://semarc/title/325057 LEADER 01681nam a2200301 i 4500 001 000000039809 003 CaOOAMICUS 005 20140402000000.0 008 140402s1993 xx u000 u fre u 013 $a10965 020 $a91-554-3093-7 040 $aSeMil$bita 100 1 $aSandblom, Alice.$0(OLS)http://semarc/name/19363 245 13$aLa tradition et la Bible chez la femme de la CEZ :$binfluence de l'ancienne culture et de la pensée biblique dans le maintien d'une certaine conception de la femme au sein de la Communauté Evangélique du Zaïre /$cAlice Sandblom. 260 $aUppsala :$bUppsala University Library,$c1993. 300 $a201 p. :$bill. ;$c25 cm. 490 0 $aActa Universitatis Upsaliensis. Uppsala studies in faiths and ideologies ;$v2 500 $aContiene : Annexes. 650 4$aBibbia - Personaggi femminili.$0(OLS)http://semarc/subject/7423 650 4$aZaire.$0(OLS)http://semarc/subject/8263 650 4$aDonna.$0(OLS)http://semarc/subject/7169 830 0$aActa Universitatis Upsaliensis. Uppsala studies in faiths and ideologies ;$v2.$0(OLS)http://semarc/title/264 850 $aSeMil 852 $aSeMil$W1$xVenegono$y1$m2K I 246$j5964$B5964$CSeMilBibl$Z2$F5964 $81 961 $aOmaggio: Casa editrice 996 $6020$a91-554-3093-7$9(OLS)http://semarc/number/9658 996 $6245$aLa tradition et la Bible chez la femme de la CEZ :$binfluence de l'ancienne culture et de la pensée biblique dans le maintien d'une certaine conception de la femme au sein de la Communauté Evangélique du Zaïre$9(OLS)http://semarc/title/56911 996 $6260$aUppsala :$bUppsala University Library$9(OLS)http://semarc/publisher/39785